INTRMEDIATE PLANE TRIGONOMETRY (Record no. 584838)

000 -LEADER
fixed length control field 00240nam a22001097a 4500
082 ## - DEWEY DECIMAL CLASSIFICATION NUMBER
Classification number 516.24 CHA
100 ## - MAIN ENTRY--PERSONAL NAME
Personal name CHAWLA. L.M
9 (RLIN) 79844
245 ## - TITLE STATEMENT
Title INTRMEDIATE PLANE TRIGONOMETRY
260 ## - PUBLICATION, DISTRIBUTION, ETC.
Place of publication, distribution, etc. LAHORE
Name of publisher, distributor, etc. PDF
Date of publication, distribution, etc. 1966
300 ## - PHYSICAL DESCRIPTION
Extent 212P
942 ## - ADDED ENTRY ELEMENTS (KOHA)
Koha item type Book
Holdings
Withdrawn status Lost status Damaged status Not for loan Permanent Location Current Location Shelving location Date acquired Total Checkouts Full call number Barcode Date last seen Price effective from Koha item type
        College of Electrical & Mechanical Engineering (CEME) College of Electrical & Mechanical Engineering (CEME) General Stacks 07/05/2017   516.24 CHA CEME-6188 06/28/2021 06/28/2021 Book
© 2023 Central Library, National University of Sciences and Technology. All Rights Reserved.